00998cam a2200265 i 4500001001200000003000600012005001700018008004100035035002200076035002300098040004600121100004200167240002500209245011300234250007700347260006300424300003100487336002700518337005400545338002800599500002200627504001200649650002100661710005000682xx005212520NUKAT20260129225200.0210929s1910 gw g |001 0 ger c a(OCoLC)1273298737 a(NUKAT)xx005212520 aWR 004/EMbpolerdacWR 004/EMdWR 194/JW1 aCathrein, Victord(1845-1931).eAutor10aSozialismusl(niem.)14aDer Sozialismus :beine Untersuchung seiner Grundlagen und seiner Durchführbarkeit /cvon Viktor Cathrein. aZehnte bedeutend umgearbeitete und vermehrte Auflage. (21.-23. Tausend). aFreiburg im Breisgau :bHerdersche Verlagshandlung,c1910. aXVIII, 520 stron ;c20 cm. aTekstbtxt2rdacontent aBez urządzenia pośredniczącegobn2rdamedia aWoluminbnc2rdacarrier aCzcionka gotycka. aIndeks. 7aSocjalizm.2kaba2 aHerdersche Verlagsbuchhandlung.eWydawca4pbl